000 02303nam a2200421 c 4500
003 BLK
005 20240705130511.0
008 180412b bul|||||r ||||||| ||bul||
010 _aKNG00007842000
020 _a954-557-003-Х
_bиздат.: Елпис - на том(т. 1)
040 _aBLK
041 _aBUL
_cBUL
080 _aОбщи енциклопедии. Енциклопедични речници. Научни справочници. Отраслови енциклопедии и справочници се класират в съответните отдели с определител за форма
_b03
_x
_z03
700 1 _aГаберов, Иван
_eавт. на том
_9251631
700 1 _aДимитров, Димитър
_eсъавт. на том
_9363351
700 1 _aЛуканов, Борис
_eсъавт. на том
_9251632
700 1 _aХаралампиев, Александър
_eил. на том
_9251633
700 1 _aБоева, Цветана
_eил. на том
_9251634
139 _aХронологична енциклопедия на света
_bХ 89
245 1 0 _aХронологична енциклопедия на света
_bВ 6 т.
_cавт. на том Иван Габеров; съавт. на том Димитър Димитров; съавт. на том Борис Луканов; ил. на том Александър Харалампиев; ил. на том Цветана Боева.
_nТ. 1
257 _aBGR
260 В. Търново
_c1993 -
300 _c24 см
380 _a0
490 1 _aЕнциклопедична поредица Елпис
500 _aОфс. изд.
650 4 _aЕнциклопедии
_9154961
651 4 _aСвят
_9179507
653 _aхронология
653 _aенциклопедии
760 1 _3- на том(т. 1)
_dЕлпис, 1993
_h704 с. : с ил.
_nСъдържа и Азбучник на понятията, термините и личните имена. - Библиогр. с. 687-704.
_tТ. 1
852 _aЦб 177126
856 4 _qpdf
_u
856 4 _qpdf
_u
942 _cKNG
_n0
_01
944 _aCR
_c15.01.2003
_lХристина Везирева
_k30535
944 _aED
_c19.12.2017
_lф /
_kЛюдмила_Стоянова
999 _c6591
_d6591